[Event "Veneto-ch qf 80th"]
[Site "Sottomarina"]
[Date "2021.06.05"]
[Round "2.13"]
[White "Desideri, Leonardo"]
[Black "Le Van, Alessandro"]
[Result "1-0"]
[WhiteElo "1793"]
[BlackElo "1550"]
[PlyCount "61"]
[EventDate "2021.06.04"]
[EventType "swiss"]
[EventRounds "5"]
[EventCountry "ITA"]
[SourceTitle "EXT 2024"]
[Source "ChessBase"]
[SourceDate "2023.10.10"]
[SourceVersion "1"]
[SourceVersionDate "2023.10.10"]
[SourceQuality "1"]

1. d4 d5 2. Bf4 Nf6 3. c3 e6 4. Nf3 Bd6 5. Bg3 c6 6. e3 Qc7 7. Bd3 Nbd7 8. Nbd2 e5 9. dxe5 Nxe5 10. Nxe5 Bxe5 11. Nf3 Bxg3 12. hxg3 Bg4 13. Qa4 Bxf3 14. gxf3 Qb6 15. 0-0-0 0-0-0 16. Rh4 c5 17. Qa3 c4 18. Bf1 Kb8 19. Rhd4 Rhe8 20. Bg2 a6 21. f4 Ne4 22. Bxe4 Rxe4 23. Rxd5 Rxd5 24. Rxd5 Rxe3 25. fxe3 Qxe3+ 26. Rd2 Qe1+ 27. Rd1 Qe3+ 28. Kb1 Ka7 29. Qd6 Qe4+ 30. Ka1 Qc2 31. Qc5+ 1-0

[Event "Treviso op-A 3rd"]
[Site "Treviso"]
[Date "2019.03.30"]
[Round "3.11"]
[White "Bordin, Silvia"]
[Black "Desideri, Leonardo"]
[Result "1-0"]
[WhiteElo "1858"]
[BlackElo "1796"]
[PlyCount "127"]
[EventDate "2019.03.29"]
[EventType "swiss"]
[EventRounds "5"]
[EventCountry "ITA"]
[SourceTitle "EXT 2024"]
[Source "ChessBase"]
[SourceDate "2023.10.10"]
[SourceVersion "1"]
[SourceVersionDate "2023.10.10"]
[SourceQuality "1"]

1. e4 c5 2. Nf3 d6 3. d4 cxd4 4. Nxd4 Nf6 5. Nc3 g6 6. f3 a6 7. Be3 b5 8. a3 Bb7 9. Qd2 Nbd7 10. Bd3 Rc8 11. Qf2 Bg7 12. 0-0 0-0 13. Rad1 Ne5 14. Rfe1 Nc4 15. Bxc4 Rxc4 16. Na2 Nd7 17. c3 Qb8 18. Nb3 Rcc8 19. Nb4 Rfe8 20. Bd4 Bxd4 21. Qxd4 Nc5 22. Nc1 a5 23. Nd5 Nd7 24. Nb6 Nxb6 25. Qxb6 Ba8 26. Qxa5 Rc7 27. Qb4 Rc4 28. Qb3 Qb6+ 29. Kh1 Rb8 30. Na2 Qf2 31. Rf1 Qh4 32. Qc2 Rc5 33. Qf2 Qh6 34. Nb4 Rh5 35. h3 Rc8 36. Nd5 Bxd5 37. Rxd5 Rxd5 38. exd5 Rc5 39. Rd1 Qg5 40. Qd2 Qxd2 41. Rxd2 Kg7 42. Rd4 Kf6 43. f4 e6 44. dxe6 Kxe6 45. a4 bxa4 46. Rxa4 Rb5 47. b4 Rb6 48. c4 Kf5 49. g3 Rc6 50. b5 Rc7 51. Kg2 d5 52. b6 Rc8 53. cxd5 Rb8 54. Rb4 Kf6 55. b7 h6 56. Kf3 Ke7 57. Rb6 Kd7 58. d6 Ke6 59. Ke4 f6 60. Kd4 g5 61. Kc5 gxf4 62. gxf4 Kd7 63. Kb5 f5 64. Ka6 1-0

[Event "Treviso op-A 3rd"]
[Site "Treviso"]
[Date "2019.03.30"]
[Round "2.15"]
[White "Desideri, Leonardo"]
[Black "Dallaglio, Giovanni"]
[Result "1-0"]
[WhiteElo "1796"]
[BlackElo "1887"]
[PlyCount "99"]
[EventDate "2019.03.29"]
[EventType "swiss"]
[EventRounds "5"]
[EventCountry "ITA"]
[SourceTitle "EXT 2024"]
[Source "ChessBase"]
[SourceDate "2023.10.10"]
[SourceVersion "1"]
[SourceVersionDate "2023.10.10"]
[SourceQuality "1"]

1. b4 Nf6 2. Bb2 d5 3. Nf3 g6 4. Bxf6 exf6 5. a3 c6 6. e3 Bg4 7. Be2 Bg7 8. d4 Nd7 9. Nbd2 0-0 10. 0-0 f5 11. c4 dxc4 12. Nxc4 Nb6 13. Nce5 Bxf3 14. Nxf3 Qe7 15. Re1 a5 16. bxa5 Rxa5 17. Qb3 Nd5 18. Bc4 Rfa8 19. Bxd5 Rxd5 20. a4 Rda5 21. Ra2 b5 22. Qc2 c5 23. Qxc5 Qxc5 24. dxc5 bxa4 25. Rc1 a3 26. Nd4 Bxd4 27. exd4 Rd8 28. Rc4 Rb5 29. h3 Rb1+ 30. Kh2 Rd1 31. c6 R8xd4 32. Rc3 R1d3 33. Raxa3 Rxc3 34. Rxc3 Rd8 35. Kg3 Kf8 36. Kf4 f6 37. c7 Rc8 38. g4 fxg4 39. hxg4 Ke7 40. g5 fxg5+ 41. Kxg5 Kf7 42. Kh6 Kf6 43. Rc6+ Kf5 44. Kxh7 g5 45. Kg7 g4 46. Kf7 Kf4 47. Rc3 Ke4 48. Ke7 Kd4 49. Rc1 Ke4 50. Kd7 1-0

[Event "Padova op-A 18th"]
[Site "Padova"]
[Date "2015.12.17"]
[Round "6.25"]
[White "Redo, Giorgio"]
[Black "Desideri, Leonardo"]
[Result "1-0"]
[WhiteElo "2055"]
[BlackElo "1770"]
[PlyCount "119"]
[EventDate "2015.12.13"]
[EventType "swiss"]
[EventRounds "9"]
[EventCountry "ITA"]
[SourceTitle "EXT 2024"]
[Source "ChessBase"]
[SourceDate "2023.10.10"]
[SourceVersion "1"]
[SourceVersionDate "2023.10.10"]
[SourceQuality "1"]

1. f4 e5 2. fxe5 d6 3. Nf3 dxe5 4. e4 Nc6 5. Bb5 Bc5 6. Bxc6+ bxc6 7. d3 Nf6 8. Bg5 Qd6 9. Bxf6 Qxf6 10. Nbd2 0-0 11. Qe2 a5 12. a4 Ba6 13. Rf1 Qe7 14. g4 Rab8 15. b3 Rfd8 16. Nc4 Bxc4 17. dxc4 Rd7 18. Rd1 Rbd8 19. Rd3 Ba7 20. Nd2 Qa3 21. Qf3 Qe7 22. Ke2 Rxd3 23. cxd3 Bd4 24. g5 Rb8 25. h4 Bc3 26. Rb1 Bxd2 27. Kxd2 Qa3 28. Kc2 Qa2+ 29. Rb2 Qa1 30. Qd1 Qxd1+ 31. Kxd1 Kf8 32. c5 Rb4 33. Kc2 Ke7 34. Kc3 Ke6 35. Rf2 Rd4 36. h5 h6 37. Rg2 hxg5 38. Rxg5 Kf6 39. Rf5+ Ke6 40. Rf2 Rb4 41. h6 g6 42. Rh2 Rb8 43. b4 axb4+ 44. Kb3 f5 45. exf5+ gxf5 46. a5 Kd5 47. h7 Rh8 48. Kxb4 Kd4 49. Rh3 e4 50. dxe4 fxe4 51. Kb3 e3 52. Kc2 e2 53. Kd2 e1Q+ 54. Kxe1 Kxc5 55. Rh5+ Kd4 56. a6 Kd3 57. a7 Ke3 58. a8Q Rxa8 59. h8Q Rxh8 60. Rxh8 1-0

[Event "Padova op-A 18th"]
[Site "Padova"]
[Date "2015.12.15"]
[Round "4.29"]
[White "Santolini, Luigi"]
[Black "Desideri, Leonardo"]
[Result "1-0"]
[WhiteElo "2156"]
[BlackElo "1770"]
[PlyCount "111"]
[EventDate "2015.12.13"]
[EventType "swiss"]
[EventRounds "9"]
[EventCountry "ITA"]
[SourceTitle "EXT 2024"]
[Source "ChessBase"]
[SourceDate "2023.10.10"]
[SourceVersion "1"]
[SourceVersionDate "2023.10.10"]
[SourceQuality "1"]

1. d4 f5 2. g3 e6 3. Bg2 Nf6 4. Nf3 d5 5. 0-0 Bd6 6. Bf4 Bxf4 7. gxf4 0-0 8. Nbd2 Bd7 9. Ne5 Be8 10. c4 c6 11. e3 Nbd7 12. Qc2 Ne4 13. Nxd7 Qxd7 14. Nxe4 fxe4 15. f3 exf3 16. Bxf3 Bg6 17. Qe2 Rae8 18. c5 Qd8 19. b4 Qh4 20. a4 Rf6 21. b5 Bf5 22. Kh1 Rh6 23. Ra2 Kh8 24. Rg1 Rg8 25. bxc6 bxc6 26. Rb2 g5 27. fxg5 Rhg6 28. Qf2 Rxg5 29. Rxg5 Qxg5 30. Rb7 Rf8 31. Qg3 Qf6 32. Rb8 Qf7 33. Rxf8+ Qxf8 34. Qe5+ Kg8 35. Kg2 Qg7+ 36. Qxg7+ Kxg7 37. a5 Bd3 38. Kg3 Kf6 39. Kf4 Bc2 40. Be2 Be4 41. Bd1 Ke7 42. Ke5 Bf5 43. Ba4 Kd7 44. Kf6 Bd3 45. Bd1 Bf5 46. Bh5 Bh3 47. Bf7 Kc7 48. Bxe6 Bf1 49. Bf5 Kb7 50. Bxh7 Ka6 51. h4 Be2 52. Bg6 Kxa5 53. h5 Bxh5 54. Bxh5 Kb4 55. Be8 Kb5 56. Ke6 1-0

[Event "Padova op-A 18th"]
[Site "Padova"]
[Date "2015.12.14"]
[Round "2.20"]
[White "Varvaglione, Antonio"]
[Black "Desideri, Leonardo"]
[Result "1-0"]
[WhiteElo "2247"]
[BlackElo "1770"]
[PlyCount "91"]
[EventDate "2015.12.13"]
[EventType "swiss"]
[EventRounds "9"]
[EventCountry "ITA"]
[SourceTitle "EXT 2024"]
[Source "ChessBase"]
[SourceDate "2023.10.10"]
[SourceVersion "1"]
[SourceVersionDate "2023.10.10"]
[SourceQuality "1"]

1. e4 c5 2. c3 d5 3. exd5 Qxd5 4. d4 Nc6 5. Nf3 Bg4 6. Be2 Nf6 7. h3 Bh5 8. 0-0 cxd4 9. cxd4 e6 10. Nc3 Qa5 11. Qb3 Qb4 12. Rd1 Qxb3 13. axb3 0-0-0 14. Be3 Bd6 15. Rdc1 Kb8 16. g4 Bg6 17. Ne5 Bxe5 18. dxe5 Nd5 19. Nxd5 Rxd5 20. Bf3 Rxe5 21. Bf4 f6 22. Bxc6 bxc6 23. Bxe5+ fxe5 24. Rxc6 Re8 25. Rc5 e4 26. Rb5+ Ka8 27. Rd1 a6 28. Ra1 Ka7 29. Rba5 Kb6 30. Rxa6+ Kc5 31. Ra7 Kd4 32. Rd7+ Ke5 33. Ra5+ Kf4 34. Rxg7 e3 35. fxe3+ Kxe3 36. h4 Bd3 37. Rd7 e5 38. b4 h5 39. g5 e4 40. g6 Rf8 41. Rf7 Rg8 42. g7 Bc4 43. Re7 Rd8 44. Rae5 Rd1+ 45. Kh2 Rd2+ 46. Kg3 1-0

[Event "Padova op-B 15th"]
[Site "Padova"]
[Date "2012.12.23"]
[Round "5"]
[White "Desideri, Leonardo"]
[Black "Bellon, Antonio"]
[Result "0-1"]
[WhiteElo "1564"]
[BlackElo "1668"]
[PlyCount "93"]
[EventDate "2012.12.15"]
[EventType "swiss"]
[EventRounds "6"]
[EventCountry "ITA"]
[SourceTitle "EXT 2015"]
[Source "ChessBase"]
[SourceDate "2014.11.20"]
[SourceVersion "1"]
[SourceVersionDate "2014.11.20"]
[SourceQuality "1"]

1. e4 e5 2. f4 exf4 3. Nf3 g5 4. h4 f6 5. hxg5 fxg5 6. Bc4 d6 7. Bxg8 Rxg8 8. Rxh7 g4 9. Nd4 Qf6 10. Nf5 Nc6 11. Qe2 Be6 12. d4 0-0-0 13. Qd3 Bxf5 14. exf5 Re8+ 15. Kd1 f3 16. gxf3 gxf3 17. Rh1 f2 18. Be3 Rg3 19. Qe2 Rgxe3 20. Qxf2 Qxd4+ 21. Nd2 Qd5 22. Rf1 Re2 23. Qxe2 Rxe2 24. Kxe2 Nd4+ 25. Kd1 Nxf5 26. Ke1 Bh6 27. Nb3 Qe4+ 28. Kf2 Qe3+ 29. Kg2 Qg3+ 30. Kh1 Bf4 31. Rxf4 Qxf4 32. Rg1 Qh4+ 33. Kg2 Ne3+ 34. Kf3 Nxc2 35. Rg8+ Kd7 36. Rg7+ Kc6 37. Rg4 Qf6+ 38. Kg3 Qxb2 39. Rc4+ Kd7 40. Ra4 Qc3+ 41. Kg4 a6 42. Rf4 Nb4 43. Nd4 Nxa2 44. Rf7+ Ke8 45. Rf4 Qe3 46. Nf5 Qxf4+ 47. Kxf4 0-1

[Event "Padova op-B 15th"]
[Site "Padova"]
[Date "2012.12.22"]
[Round "4"]
[White "Belloni, Umberto"]
[Black "Desideri, Leonardo"]
[Result "1-0"]
[WhiteElo "1797"]
[BlackElo "1564"]
[PlyCount "95"]
[EventDate "2012.12.15"]
[EventType "swiss"]
[EventRounds "6"]
[EventCountry "ITA"]
[SourceTitle "EXT 2015"]
[Source "ChessBase"]
[SourceDate "2014.11.20"]
[SourceVersion "1"]
[SourceVersionDate "2014.11.20"]
[SourceQuality "1"]

1. d4 f5 2. Bf4 Nf6 3. h3 d6 4. Nf3 Nc6 5. c3 e6 6. e3 Be7 7. Bd3 a6 8. Qc2 d5 9. a4 b6 10. Nbd2 Ne4 11. Bxe4 fxe4 12. Ne5 Nxe5 13. Bxe5 Bf6 14. Bxf6 Qxf6 15. 0-0 0-0 16. f4 Qg6 17. Kh2 a5 18. b4 Bd7 19. b5 Rac8 20. Qb3 Kh8 21. c4 Qh5 22. Qd1 Qxd1 23. Rfxd1 c6 24. Rdc1 cxb5 25. cxb5 Rxc1 26. Rxc1 Rc8 27. Rxc8+ Bxc8 28. Kg3 Kg8 29. f5 exf5 30. Kf4 Kf7 31. Ke5 Be6 32. Kd6 f4 33. exf4 h6 34. Nf1 g5 35. fxg5 hxg5 36. Ne3 Kf6 37. g4 Bf7 38. Kc6 Ke7 39. Kxb6 Kd8 40. Kxa5 Kc7 41. Kb4 Kb6 42. a5+ Kb7 43. Kc5 Kc7 44. a6 Be6 45. b6+ Kb8 46. Kd6 Bc8 47. b7 Bxg4 48. hxg4 1-0

[Event "Cavarzere op 15th"]
[Site "Cavarzere"]
[Date "2012.10.21"]
[Round "2"]
[White "Desideri, Leonardo"]
[Black "De Marchi, Alessandro"]
[Result "1/2-1/2"]
[WhiteElo "1523"]
[BlackElo "1723"]
[PlyCount "39"]
[EventDate "2012.10.20"]
[EventType "swiss"]
[EventRounds "6"]
[EventCountry "ITA"]
[SourceTitle "EXT 2015"]
[Source "ChessBase"]
[SourceDate "2014.11.20"]
[SourceVersion "1"]
[SourceVersionDate "2014.11.20"]
[SourceQuality "1"]

1. e4 d5 2. exd5 Nf6 3. d4 Nxd5 4. c4 Nf6 5. Nc3 g6 6. h3 Bg7 7. Nf3 0-0 8. Be3 Bf5 9. Qd2 Nc6 10. g4 Bc8 11. 0-0-0 e5 12. Bh6 exd4 13. Bxg7 Kxg7 14. Nxd4 Nxd4 15. Qxd4 Qxd4 16. Rxd4 Be6 17. b3 Rfd8 18. Rxd8 Rxd8 19. Bg2 c6 20. Rd1 1/2-1/2